00984nam a2200253Ia 4500003000900000008004100009020001800050040001600068080002100084111007500105245023200180260004200412300001500454490002600469500002600495650004100521650001300562650002700575650002800602650001300630700002200643700002700665710003800692IN-BaIIA211028s9999 xx 000 0 eng d a90-277-1118-6 cIIA Library a082.2:52bIAU-92 aInternational Astronomical Union Symposiumn92ndcUSAd1979 Aug. 28-31 0aObjects of high redshiftbproceedings of the International Astronomical Union Symposium No.92 held in Los Angeles, USA August 28-31, 1979cedited by G. O. Abell and P. J. E. Peebles  aDordrechtbD. Reidel Publishingc1980 axvi, 340p. aIAU Symposium; no. 92 aDonated by Mrs. Bappu aAstronomy and Astrophysics Thesaurus aGalaxies aGravitational Redshift aObservational Cosmology aRedshift aAbell, G. O., ed. aPeebles, P. J. E., ed. aInternational Astronomical Union